<?xml version="1.0" encoding="UTF-8"?>
<record
    xmlns:xsi="http://www.w3.org/2001/XMLSchema-instance"
    xsi:schemaLocation="http://www.loc.gov/MARC21/slim http://www.loc.gov/standards/marcxml/schema/MARC21slim.xsd"
    xmlns="http://www.loc.gov/MARC21/slim">

  <leader>01522nab a22002297a 4500</leader>
  <datafield tag="999" ind1=" " ind2=" ">
    <subfield code="c">5519</subfield>
    <subfield code="d">5519</subfield>
  </datafield>
  <controlfield tag="003">OSt</controlfield>
  <controlfield tag="005">20251210160143.0</controlfield>
  <controlfield tag="008">190604e        xxu||||| |||| 00| 0 spa d</controlfield>
  <datafield tag="040" ind1=" " ind2=" ">
    <subfield code="c">PJ</subfield>
  </datafield>
  <datafield tag="100" ind1=" " ind2=" ">
    <subfield code="a">D&#xED;az, Ana In&#xE9;s</subfield>
    <subfield code="9">6501</subfield>
  </datafield>
  <datafield tag="245" ind1="1" ind2="3">
    <subfield code="a">Procedimiento de Mediaci&#xF3;n  Prejudicial en Materia de Salud  (PROMESA) :</subfield>
    <subfield code="b">descripci&#xF3;n normativa de un abordaje basado  en el di&#xE1;logo /</subfield>
    <subfield code="c">Ana In&#xE9;s D&#xED;az.</subfield>
  </datafield>
  <datafield tag="260" ind1=" " ind2=" ">
    <subfield code="a">Ciudad Aut&#xF3;noma de Buenos Aires :</subfield>
    <subfield code="b">Thomson Reuters La Ley, </subfield>
    <subfield code="c">2025.</subfield>
  </datafield>
  <datafield tag="300" ind1=" " ind2=" ">
    <subfield code="a">p. 104-109</subfield>
  </datafield>
  <datafield tag="500" ind1=" " ind2=" ">
    <subfield code="a">Cita Online: TR LALEY AR/DOC/2416/2025.
</subfield>
  </datafield>
  <datafield tag="505" ind1=" " ind2=" ">
    <subfield code="a">Sumario: I. Encuadre normativo.&#x2014; II. Contexto y fundamentaci&#xF3;n de la creaci&#xF3;n del PROMESA.&#x2014; III. Principios y objetivos fundamentales del PROMESA.&#x2014; IV. &#xC1;mbito de aplicaci&#xF3;n y restricciones.&#x2014; V. Procedimiento de iniciaci&#xF3;n y desarrollo de la mediaci&#xF3;n.&#x2014; VI. Participaci&#xF3;n del Estado nacional (Ministerio de Salud).&#x2014; VII. Derivaci&#xF3;n judicial al PROMESA.&#x2014; VIII. Remuneraci&#xF3;n de los mediadores.&#x2014; IX. Formaci&#xF3;n y habilitaci&#xF3;n de mediadores en materia de salud.&#x2014; X. Monitoreo y fiscalizaci&#xF3;n del PROMESA.&#x2014; XI. Consideraciones finales.</subfield>
  </datafield>
  <datafield tag="505" ind1=" " ind2=" ">
    <subfield code="t">&#xBF;Te interesa el texto completo? Solicitalo al correo: koha@justierradelfuego.gov.ar</subfield>
  </datafield>
  <datafield tag="650" ind1=" " ind2="0">
    <subfield code="9">1253</subfield>
    <subfield code="a">DERECHO A LA SALUD</subfield>
  </datafield>
  <datafield tag="650" ind1=" " ind2="0">
    <subfield code="9">269</subfield>
    <subfield code="a">MEDIACION</subfield>
  </datafield>
  <datafield tag="650" ind1=" " ind2="0">
    <subfield code="9">3273</subfield>
    <subfield code="a">MEDICINA PREPAGA</subfield>
  </datafield>
  <datafield tag="773" ind1="0" ind2=" ">
    <subfield code="0">2714</subfield>
    <subfield code="9">3171</subfield>
    <subfield code="d">Ciudad Aut&#xF3;noma de Buenos Aires : Thomson Reuters La Ley, 2014-</subfield>
    <subfield code="t">Revista anales de legislaci&#xF3;n argentina. N&#xBA; 10- Octubre 2025.</subfield>
  </datafield>
  <datafield tag="942" ind1=" " ind2=" ">
    <subfield code="2">udc</subfield>
    <subfield code="c">ANA</subfield>
  </datafield>
</record>
